American History by Letter - F - Statistics

General Stats
  • This quiz has been taken 451 times
  • The average score is 7 of 15
Answer Stats
Question Answer % Correct
Founding father and inventor Franklin
91%
Inventor who revolutionized the assembly line mode of production Ford
87%
Author of The Great Gatsby Fitzgerald
84%
Andrew Jackson invaded this Spanish territory and they were forced to cede it Florida
79%
Capital of Kentucky Frankfort
64%
Last Whig president Fillmore
57%
The first shots of the Civil War were fired here Fort Sumter
57%
One of first political parties, known as Hamiltonians Federalist
54%
Nickname given to North Carolina after the Wright Brother's historic invention First in Flight
35%
War between France and England over Ohio River Valley French and Indian War
34%
Inventor of the steam boat Fulton
33%
Where the Star Spangled Banner was written Fort McHenry
27%
Short lived political party formed by "Barnburner" democrats Free Soil
10%
Doctrine that stated slavery could not be excluded from territories Freeport
6%
Businessman who laid first telegraph wire across Atlantic Field
5%
No matching quizzes found
Score Distribution
Percent of People with Each Score
Percentile by Number Answered
Your Score History
You have not taken this quiz